000 00640nam a22001937a 4500
005 20251108164332.0
008 250721s1993 xx 000 0 ara d
082 1 4 _a391.20932/كفا
100 1 _aأحمد، كفايه سليمان
245 1 0 _aالتصميم التاريخي للأزياء الملكية الفرعونية و أثره على الموضة /
264 1 _aالقاهره :
_bدار الفكر العربي،
_c1993.
300 _a153ص
650 1 7 _aالأزياء الشعبية
650 1 7 _aالفراعنة
650 1 7 _aمصر
700 1 _aجرجس، سلوى هنري
942 _2ddc
_cBK
999 _c9620
_d9620